Becsületrend Rév Líviának
Elmentve itt :
| Szerző: | |
|---|---|
| Dokumentumtípus: | Cikk |
| Megjelent: |
2008-07-18
|
| Sorozat: | Délmagyarország
98 No. 167 |
| Kulcsszavak: | Rév Lívia, Szeged, Zenei élet zongoraművész |
| Online Access: | http://dmarchiv.bibl.u-szeged.hu/140385 |
| LEADER | 00478nab a2200157 i 4500 | ||
|---|---|---|---|
| 001 | delm140385 | ||
| 005 | 20200108120814.0 | ||
| 008 | 200108s2008 hu o 0|| hun d | ||
| 040 | |a SZTE Délmagyarország Archívum |b hun | ||
| 041 | |a hun | ||
| 100 | 1 | |a Rév Lívia | |
| 245 | 1 | 0 | |a Becsületrend Rév Líviának |h [elektronikus dokumentum] / |c Rév Lívia |
| 260 | |c 2008-07-18 | ||
| 300 | |a 7 | ||
| 490 | 0 | |a Délmagyarország |v 98 No. 167 | |
| 695 | |a Rév Lívia, Szeged, Zenei élet zongoraművész | ||